000
00316nam a22001337a 4500
020
_a
978-93-5027-102-5
082
_a
540
_b
MIS/C
100
_a
A MISHRA, N OJHA, A S SAHAY
245
_a
CORE CHEMISTRY
260
_a
DELHI
_b
BHARATI BHAWAN
_c
2014
300
_a
885
650
_a
CHEMISTRY FOR CLASS XI
_z
INDIA
942
_c
BK
999
_c
704
_d
704